000 00564nam a2200181Ia 4500
003 GCL
008 140319s9999 xx 000 0 ara d
040 _aGCL /
_cGCL
082 0 4 _a910.02
_bى د
100 1 _aيوسف عبدالمجيد فايد
245 1 0 _aدراسات فى الاقيانوغرافية /
_cيوسف عبدالمجيد فايد
260 _a[S.N] :
_bدار النهضة العربية
300 _a197 ص
490 _a
650 0 4 _aالجغرافيا الطبيعية
650 0 4 _aالبحار والمحيطات
942 _2ddc
_cBK
999 _c37245
_d37245